Statistics for Chain Geography #1

Click here to take the quiz!

General Stats

  • This quiz has been taken 58 times
  • The average score is 8 of 10

Answer Stats

HintAnswer% Correct
Capital of AfghanistanKabul
95%
Islamic country bordering IsraelLebanon
95%
Most populous city in USANew York City
93%
Country bordering OmanYemen
89%
South American countryUruguay
87%
Capital of TurkeyAnkara
84%
Single-worded Oceanic countryNauru
84%
Californian National ParkYosemite
78%
Country bordering GabonEquatorial Guinea
62%
Capital of KazakhstanAstana
56%

Score Distribution

Percentile by Number Answered

Percent of People with Each Score

Your Score History

You have not taken this quiz